Just another missing person / Gillian McAllister.
Available copies
- 4 of 4 copies available at LARL/NWRL Consortium. (Show)
- 2 of 2 copies available at Northwest Regional Library.
Current holds
0 current holds with 4 total copies.
Show Only Available Copies
| Location | Call Number / Copy Notes | Barcode | Shelving Location | Status | Due Date |
|---|---|---|---|---|---|
| Hallock Public Library | MCA (Text) | 35500006700148 | Main | Available | - |
| Hallock Public Library | MCA (Text) | 35500006826026 | Main | Available | - |
Record details
- ISBN: 9780063252394
- ISBN: 0063252392
- ISBN: 9780063322899
- ISBN: 0063322897
- ISBN: 9780063252493
- Physical Description: 377 pages ; 24 cm.
- Edition: First U.S. edition.
- Publisher: New York, NY : William Morrow, an imprint of HarperCollinsPublishers, [2023]
Content descriptions
| Summary, etc.: | "22-year-old Olivia has been missing for one ... Read More |
Search for related items by subject
| Subject: | Policewomen > Fiction. Missing persons > Investigation > Fiction. Women detectives > Fiction. Secrecy > Fiction. Extortion > Fiction. |
| Genre: | Thrillers (Fiction) Detective and mystery fiction. Novels. |
| LDR | 02563cam a2200469 i 4500 | ||
|---|---|---|---|
| 001 | 408959 | ||
| 003 | LARL_NWRL_CONSORTIUM | ||
| 005 | 20241028141959.0 | ||
| 008 | 230719s2023 nyu e 000 f eng d | ||
| 040 | . | ‡aNjBwBT ‡beng ‡erda ‡cBUL ‡dBUL ‡dJCX ‡dOCO ‡dRNL ‡dYDX ‡dBDX ‡dY$5 ‡dAU@ ‡dFTP ‡dVP@ ‡dILC | |
| 019 | . | ‡a1350079690 ‡a1372282394 ‡a1374493402 ‡a1378280435 ‡a1390644867 | |
| 020 | . | ‡a9780063252394 ‡q(hardcover) | |
| 020 | . | ‡a0063252392 ‡q(hardcover) | |
| 020 | . | ‡a9780063322899 | |
| 020 | . | ‡a0063322897 | |
| 020 | . | ‡a9780063252493 | |
| 035 | . | ‡a(OCoLC)1390729375 ‡z(OCoLC)1350079690 ‡z(OCoLC)1372282394 ‡z(OCoLC)1374493402 ‡z(OCoLC)1378280435 ‡z(OCoLC)1390644867 | |
| 037 | . | ‡bHarpercollins, 53 Glenmaura National Blvd Ste 300, Moosaic, PA, USA, 18507-2132 ‡nSAN 200-2086 | |
| 082 | 0 | 4. | ‡a823/.92 ‡223/eng/20230711 |
| 100 | 1 | . | ‡aMcAllister, Gillian, ‡eauthor. |
| 245 | 1 | 0. | ‡aJust another missing person / ‡cGillian McAllister. |
| 246 | 3 | 4. | ‡aJust another missing person : ‡bHis weapon isn't a gun, or a knife. It's a secret. Her worst one. |
| 250 | . | ‡aFirst U.S. edition. | |
| 264 | 1. | ‡aNew York, NY : ‡bWilliam Morrow, an imprint of HarperCollinsPublishers, ‡c[2023] | |
| 300 | . | ‡a377 pages ; ‡c24 cm. | |
| 336 | . | ‡atext ‡btxt ‡2rdacontent | |
| 337 | . | ‡aunmediated ‡bn ‡2rdamedia | |
| 338 | . | ‡avolume ‡bnc ‡2rdacarrier | |
| 520 | . | ‡a"22-year-old Olivia has been missing for one day...and counting. She was last seen on CCTV, entering a dead-end alley. And not coming back out again. Julia, the detective heading up the search for Olivia, thinks she knows what to expect. A desperate family, a ticking clock, and long hours away from her husband and daughter. But she has no idea just how close to home this case is going to get. Because the criminal at the heart of the disappearance has something she never expected. His weapon isn't a gun, or a knife: it's a secret. Her worst one. And her family's safety depends on one thing: Julia must not find out what happened to Olivia--and must frame somebody else for her murder"-- ‡cProvided by publisher. | |
| 650 | 0. | ‡aPolicewomen ‡vFiction. ‡0(LARL_NWRL_CONSORTIUM)166589 | |
| 650 | 0. | ‡aMissing persons ‡xInvestigation ‡vFiction. ‡0(LARL_NWRL_CONSORTIUM)173417 | |
| 650 | 0. | ‡aWomen detectives ‡vFiction. ‡0(LARL_NWRL_CONSORTIUM)167906 | |
| 650 | 0. | ‡aSecrecy ‡vFiction. ‡0(LARL_NWRL_CONSORTIUM)167261 | |
| 650 | 0. | ‡aExtortion ‡vFiction. ‡0(LARL_NWRL_CONSORTIUM)164841 | |
| 655 | 7. | ‡aThrillers (Fiction) ‡2lcgft | |
| 655 | 7. | ‡aDetective and mystery fiction. ‡2lcgft | |
| 655 | 7. | ‡aNovels. ‡2lcgft | |
| 901 | . | ‡a408959 ‡bOCoLC ‡c408959 ‡tbiblio ‡soclc | |

Add to basket
Permalink
Disable Highlighting